| 000 | 00000nam##2200000za#4500 |
| 001 | 9.640010 |
| 003 | CaOODSP |
| 005 | 20210624222446 |
| 007 | cr ||||||||||| |
| 008 | 150407|1998||||xxc|||||o f|0| 0 fre|d |
| 040 | |aCaOODSP|bfre |
| 043 | |an-cn--- |
| 086 | 1 |aNH15-205/1998F-PDF |
| 110 | 2 |aSociété canadienne d'hypothèques et de logement. |
| 245 | 10|aAdieu coquerelles! : |h[ressource électronique]|bcomment se débarrasser des coquerelles de la façon la moins toxique |
| 260 | |aOttawa - Ontario : |bSociété canadienne d'hypothèques et de logement |cc1998. |
| 300 | |a29p.|bfigures, ill. |
| 500 | |aLe n° de catalogue (NH15-205/1998F) et l'ISBN (0-662-82856-9) de l'édition imprimée ont été incorrectement copiés dans l'édition électronique. |
| 590 | |a12-29-Supp|b2012-06-25 |
| 691 | 07|aOrganisme nuisible|2gcpds |
| 775 | 08|tFarewell to cockroaches : |w(CaOODSP)9.695890 |
| 856 | 40|ahttp://publications.gc.ca|qPDF|s686 Ko|uhttps://publications.gc.ca/collections/Collection/NH15-205-1998F.pdf |